000 00268nam a2200097Ia 4500
001 1226317
005 20250827093002.0
008 250824s9999 xx 000 0 und d
245 0 _aROL ÇALAN CESET
_cCELİL OKER
260 _bALTIN KİTAPLAR YAYINLARI
999 _c1226317
_d1226317